000 00393nam a22001697a 4500
003 SGT
020 _a9789352706099
082 _a610.72
_bE25R
100 _aRAMALINGAM, A. THANGAMANI
245 _aESSENTIAL OF RESEARCH METHODOLOGY
250 _a1ST
260 _aINDIA
_bJAYPEE PUB
_c2025
300 _a363
650 _a RESEARCH
653 _a RESEARCH METHODOLOGY
942 _2ddc
_cBK
999 _c33431
_d33431